LAND LAWS IN HARYANA (Record no. 32355)

MARC details
000 -LEADER
fixed length control field 00236nam a22001217a 4500
003 - CONTROL NUMBER IDENTIFIER
control field SGT
082 ## - DEWEY DECIMAL CLASSIFICATION NUMBER
Classification number 340
Item number UNI
100 ## - MAIN ENTRY--PERSONAL NAME
Personal name UNILEX
245 ## - TITLE STATEMENT
Title LAND LAWS IN HARYANA
260 ## - PUBLICATION, DISTRIBUTION, ETC. (IMPRINT)
Place of publication, distribution, etc DELHI
Name of publisher, distributor, etc UNILEX
Year of Publication 2025
300 ## - PAGE DESCRIPTION
No. of Pages 630
942 ## - ADDED ENTRY ELEMENTS (KOHA)
Source of classification or shelving scheme Dewey Decimal Classification
Koha item type Books
Holdings
Withdrawn status Lost status Source of classification or shelving scheme Damaged status Not for loan Collection code Home library Current library Shelving location Date acquired Cost, normal purchase price SGTU Total Checkouts Full call number Accession No. (Barcode) Date last seen Bill Date Koha item type
    Dewey Decimal Classification   Not For Loan LAW SGT Science & Social Sciences Library SGT Science & Social Sciences Library Reference Book 23/08/2025 1095.00 SGTU   340 UNI FL3855 23/08/2025 23/08/2025 Books